Quản lý công tác bồi dưỡng giáo viên các trường trung cấp nghề trên địa bàn tỉnh Quảng Nam theo chuẩn nghề nghiệp
Trên cơ sở nghiên cứu lý luận về quản lý công tác bồi dưỡng GV trường TCN và khảo sát, đánh giá thực trạng quản lý công tác bồi dưỡng GV các trường TCN trên địa bàn tỉnh Quảng Nam hiện nay, đề xuất các biện pháp quản lý công tác bồi dưỡng GV các trường TCN trên địa bàn tỉnh Quảng Nam theo CNN nhằm g...
Zapisane w:
| 1. autor: | |
|---|---|
| Kolejni autorzy: | |
| Format: | Książka |
| Język: | Vietnamese |
| Wydane: |
Đà Nẵng
Trường Đại học sư phạm Đà Nẵng
2017
|
| Hasła przedmiotowe: | |
| Etykiety: |
Dodaj etykietę
Nie ma etykietki, Dołącz pierwszą etykiete!
|
| Thư viện lưu trữ: | Mạng thư viện Đại học Đà Nẵng |
|---|
| LEADER | 02023nam a2200361 4500 | ||
|---|---|---|---|
| 001 | 000025045 | ||
| 003 | 21536 | ||
| 005 | 20170420070443.0 | ||
| 008 | 170417s2017 viesd | ||
| 041 | |a vie | ||
| 082 | 1 | 4 | |a 373.246 |b TR-Q |
| 100 | 1 | |a Trần Đình Quế | |
| 245 | 1 | |a Quản lý công tác bồi dưỡng giáo viên các trường trung cấp nghề trên địa bàn tỉnh Quảng Nam theo chuẩn nghề nghiệp |c Trần Đình Quế ; Phùng Đình Mẫn hướng dẫn. |k Luận văn Thạc sĩ | |
| 260 | |a Đà Nẵng |b Trường Đại học sư phạm Đà Nẵng |c 2017 | ||
| 300 | |a 92 tr., phụ lục 7 tr. |c 29 cm. |e Tóm tắt | ||
| 500 | |a Luận văn thạc sĩ Giáo dục học. Chuyên ngành: Quản lý giáo dục. Mã số: 60.14.01.14 | ||
| 520 | 3 | |a Trên cơ sở nghiên cứu lý luận về quản lý công tác bồi dưỡng GV trường TCN và khảo sát, đánh giá thực trạng quản lý công tác bồi dưỡng GV các trường TCN trên địa bàn tỉnh Quảng Nam hiện nay, đề xuất các biện pháp quản lý công tác bồi dưỡng GV các trường TCN trên địa bàn tỉnh Quảng Nam theo CNN nhằm góp phần nâng cao chất dạy nghề của tỉnh. | |
| 650 | 0 | 4 | |a Giáo dục nghề |v Luận văn tốt nghiệp |x Giáo viên |z Quảng Nam |
| 653 | |a Quản lý giáo dục | ||
| 653 | |a Giáo dục dạy học | ||
| 653 | |a Bồi dưỡng giáo viên | ||
| 653 | |a Chuẩn nghề nghiệp | ||
| 700 | 1 | |a Phùng Đình Mẫn |c PGS.TS. |e Hướng dẫn | |
| OWN | |a LSP | ||
| AVA | |a UDN50 |b LSP |d 373.246 TR-Q |e available |t Error 5001 Not defined in file expand_doc_bib_avail. |f 1 |g 0 |h N |i 0 |k 1 | ||
| 999 | |a From the UDN01 | ||
| AVA | |a UDN50 |b LSP |d 373.246 TR-Q |e available |t Error 5001 Not defined in file expand_doc_bib_avail. |f 1 |g 0 |h N |i 0 |k 1 | ||
| TYP | |a Monograph | ||
| TYP | |a Printed language | ||
| 980 | |a Mạng thư viện Đại học Đà Nẵng | ||